Vultures 1 Tracklist - Statystyki

Ogólne statystyki
  • Ten quiz został rozwiązany 7 razy
  • Średni wynik to 12 z 16
Statystyki odpowiedzi
Hint Odpowiedź % Poprawnych
1 STARS
100%
5 BACK TO ME
86%
9 BURN
86%
12 CARNIVAL
86%
7 DO IT
86%
10 FUK SUMN
86%
16 KING
86%
4 TALKING
86%
13 BEG FORGIVENESS
71%
6 HOODRAT
71%
2 KEYS TO MY LIFE
71%
8 PAPERWORK
71%
15 PROBLEMATIC
71%
11 VULTURES
71%
14 GOOD (DON'T DIE)
57%
3 PAID
57%
Nie znaleziono quizów pasujących do podanych kryteriów
Rozkład punktacji
Procent ludzi z każdym wynikiem
Percentyl według liczby udzielonych odpowiedzi
Twoja historia wyników
Nie rozwiązałeś tego quizu